000 00291nam a22001337a 4500
008 180302b xxu||||| |||| 00| 0 eng d
020 _a0195061233
041 _aeng
080 _a316
100 _a50
101 _aSOC
245 _aDIVORCE An American Tradition
_cRiley
942 _2udc
_cBK
999 _c43967
_d43967